| 000 | 00650nam a2200217 i 4500 | ||
|---|---|---|---|
| 001 | bg | ||
| 100 | 1 | _aLEOWSKI, Jerzy | |
| 245 | 1 | 0 |
_aPolityka zdrowotna a zdrowie publiczne : _bochrona zdrowia w gospodarce rynkowej / _cJerzy Leowski. |
| 260 |
_aWarszawa : _b"CeDeWu", _c2004. |
||
| 300 |
_a188 s. ; _c24 cm. |
||
| 504 | _aBibliogr. | ||
| 650 | 9 |
_aSłużba zdrowia _xpolityka _xzagadnienia |
|
| 020 | _a838788555X | ||
| 040 | _cBPK | ||
| 041 | 0 | _apol | |
| 080 | _a614.2 | ||
| 920 | _a83-87885-55-X | ||
| 942 | _cKS | ||
| 008 | s pl f |000 0 pol | ||
| 999 |
_c44513 _d44513 |
||
| 856 |
_uhttp://koha.tu.koszalin.pl/cgi-bin/koha/opac-detail.pl?biblionumber=44513 _yKatalog online BPK |
||